Romanian historical region quiz - Statistics

General Stats
  • This quiz has been taken 542 times
  • The average score is 7 of 11
Answer Stats
Hint Answer % Correct
9 Moldova
95%
1 Ardeal
82%
2 Banat
76%
7 Oltenia
74%
10 Muntenia
72%
6 Dobrogea
70%
4 Bucovina
65%
8 Maramures
61%
5 Crisana
54%
3 Basarabia
44%
111 Transnistria
12%
No matching quizzes found
Score Distribution
Percent of People with Each Score
Percentile by Number Answered
Your Score History
You have not taken this quiz